1801 1756 1077 1917 1680 1071 1933 1252 1159 1970 1809 1207 1050 1910 1798 1947 1815 1412 1192 1791 1610 1636 1453 1539 1572 1346 1672 1753 1211 1667 1336 1607 1316 1042 1348 1380 1695 1500 1904 1760 1549 1857 1661 1944 1271 1882 1223 1758 1509 1047 1632 1815 1443 1474 1355 1823 1341 1124 1289 1875 1678 1168 1245 1441 1725 1610 1917 1684 1740 1706 1392 1999 1208 1735 1191 1058 1365 1771 1151 1363 1702 1233 1399 1977 1074 1234 1212 1200 1355 1918 1545 1415 1202 1520 1399 1230 1858 1718 1381 BCNSPRNW ULIB Ver.6.0+V

เปลี่ยนเป็นภาษาไทย

Change to English
 แสดงรายละเอียดบรรณานุกรม
  กลับหน้าหลัก

Brief Record : Get Marc (ISO 2709) : E-mail record : QR code < ปิดหน้าต่าง
LEADER : 00000nas 2200000uu 4500
001    13399126579
003     ULIB
008    190117s2562||||th 000 0 tha d
022 0  ^a26511312
245 00 ^aวารสารวิจัยและนวัตกรรมทางสุขภาพ/^bวิทยาลัยพยาบาลบรมราชชนนี สุราษฎร์ธานี
310    ^aราย 6 เดือน
850 ^a ULIB^bปีที่ 1 ฉบับที่ 1 ฉ.1
945    ^p0^l0^i905147
999    ^aประนอม เกษจรัล
999    ^aประนอม เกษจรัล
รายการนี้ยังไม่มีแท็ก
คุณยังไม่ได้ล็อกอิน คุณสามารถมีกิจกรรมร่วมกับเว็บไซต์ได้ แต่ต้องล็อกอินก่อน ::
  ล็อกอิน

รายการสื่อสารสนเทศ (วารสาร)

ดูแบบ: กล่อง รายการ
ARRIVED
ปีที่ 1 ฉบับที่ 1 ฉ.1
สถานที่: ห้องสมุดวิทยาเขตสวรรค์ประชารักษ์ >วารสาร

BibComment


ยังไม่เคยถูกคอมเมนท์

คอมเมนท์ทรัพยากรรายการนี้
  คอมเมนท์: วารสารวิจัยและนว..


 Copyright 2026. Bcnsprnw @Library